| 000 | 01074nam a22002297a 4500 | ||
|---|---|---|---|
| 005 | 20210325191559.0 | ||
| 008 | s2541 th tha d | ||
| 041 | _atha | ||
| 090 | _aว LC1047.T5 ส773ค 2541 | ||
| 100 | 0 | _aสุทธิ ผลสวัสดิ์ | |
| 245 | 1 | 0 | _aความคิดเห็นของสถานประกอบการต่อการจัดการอาชีวศึกษาระบบทวิภาคี |
| 260 | 3 |
_aกรุงเทพฯ : _bวิทยาลัยป้องกันราชอาณาจักร, _c2541 |
|
| 300 |
_a88 หน้า : _b ตาราง ; _c 29 ซม. |
||
| 650 | 0 | 4 | _aการจัดการอาชีวศึกษา |
| 650 | 0 | 4 | _aการศึกษาทางอาชีพ |
| 650 | 0 | 4 | _aวิทยาลัยเทคนิค -- การจัดการศึกษา |
| 650 | 0 | 4 | _aอาชีวศึกษา |
| 850 | _aNALT | ||
| 942 | _cRSH | ||
| 997 |
_c000000000028883 _kVC |
||
| 998 | _aARUNTHIP | ||
| 999 |
_c28883 _d28883 |
||